| 000 | 005110000a22001930004500 | ||
|---|---|---|---|
| 001 | 002600 | ||
| 003 | MACL | ||
| 005 | 20150830145350.0 | ||
| 008 | 150830b xxu||||| |||| 00| 0 eng d | ||
| 040 |
_aMACL _cMACL |
||
| 041 | _aEnglish | ||
| 082 | _a820/THA | ||
| 100 |
_aThapar, Valmik _96709 |
||
| 245 |
_aBattling For Survival _bIndia's Wilderness Over Two Centuries _cValmik Thapar |
||
| 260 |
_aNew Delhi _c2003 _bOxford uni. Press, |
||
| 350 | _a675 | ||
| 650 |
_aLiterature _97979 |
||
| 942 |
_k820 _cBK _2ddc |
||
| 999 |
_c14509 _d14509 |
||